Linguas destacadas do jetpunk - Statistics

Estatísticas Gerais
  • Esse quiz foi jogado 68 vezes
  • A pontuação média é 7 de 9
Estatísticas das Respostas
Lingua % Correto
Ingles
98%
Portugues
98%
Frances
97%
Espanhol
95%
Alemão
90%
Italiano
89%
Holandes
61%
Polones
45%
Finlandes
35%
Nenhum quiz correspondente encontrado
Distribuição das Pontuações
Porcentagem de Pessoas com Cada Pontuação
Percentil de Números Respondidos
Sua Pontuação Histórica
Você não jogou esse quiz